Membros do Twice - Statistics

Estatísticas Gerais
  • Esse quiz foi jogado 65 vezes
  • A pontuação média é 9 de 9
Estatísticas das Respostas
Resposta % Correto
Jihyo
100%
Mina
100%
Momo
98%
Nayeon
98%
Sana
98%
Tzuyu
96%
Chaeyoung
93%
Dahyun
93%
Jeongyeon
84%
Nenhum quiz correspondente encontrado
Distribuição das Pontuações
Porcentagem de Pessoas com Cada Pontuação
Percentil de Números Respondidos
Sua Pontuação Histórica
Você não jogou esse quiz